[Event "Lanzarote op"]
[Site "Lanzarote"]
[Date "2019.06.28"]
[Round "7"]
[White "Hernandez Soto, Nichel Daniel"]
[Black "Martin Martin, Oscar"]
[Result "1-0"]
[WhiteElo "1439"]
[BlackElo "2077"]
[PlyCount "67"]
[EventDate "2019.06.24"]
[EventType "swiss"]
[EventRounds "9"]
[EventCountry "ESP"]
[SourceTitle "CBM 191 Extra"]
[Source "ChessBase"]
[SourceDate "2019.09.30"]
[SourceVersion "1"]
[SourceVersionDate "2019.09.30"]
[SourceQuality "1"]

1. c4 e5 2. Nc3 Nc6 3. g3 Nf6 4. Bg2 Bc5 5. e3 d6 6. d4 exd4 7. Bxc6+ bxc6 8. exd4 Bb4 9. Bd2 Bf5 10. Nce2 Bxd2+ 11. Qxd2 Be4 12. f3 Bf5 13. Nf4 Qe7+ 14. Nge2 d5 15. c5 0-0 16. Kf2 h6 17. h3 Be4 18. Nc3 Rfe8 19. Rhe1 g5 20. Ng2 Rad8 21. Re3 Qe6 22. g4 Re7 23. Rae1 Rde8 24. fxe4 dxe4 25. b3 Nd5 26. Nxd5 cxd5 27. Ke2 Qa6+ 28. Kd1 c6 29. h4 Qc8 30. Qe2 Re6 31. hxg5 hxg5 32. Rh3 Kf8 33. Ne3 R6e7 34. Rh8+ 1-0